| 000 | 00518nam a22001697a 4500 | ||
|---|---|---|---|
| 003 | LK-CoDNM | ||
| 005 | 20250214140515.0 | ||
| 008 | 250214b |||||||| |||| 00| 0 eng d | ||
| 040 |
_aLK-CoDNM _dLK-CoDNM _eLK-CoDNM |
||
| 041 | _asin | ||
| 080 |
_aRC _b385 |
||
| 100 | _aunknown | ||
| 245 |
_aCeylon National Museums Manuscript Series (vol ii) _bPalm leaf manuscripts and veterinary science ( Elephants) |
||
| 260 | _c1952 | ||
| 650 | _aPalm leaf manuscripts and veterinary science ( Elephants) | ||
| 942 | _cBK | ||
| 999 |
_c237987 _d237987 |
||